| 000 | 01118nam a2200241Ia 4500 | ||
|---|---|---|---|
| 999 |
_c54620 _d54620 |
||
| 001 | 21687 | ||
| 003 | GE_BSU | ||
| 005 | 20211214161956.0 | ||
| 008 | 181216s||||||||xx |||||||||||||| ||und|| | ||
| 040 | _cGE_BSU | ||
| 041 | _ageo | ||
| 080 | _a811.353'362(075.8) ო-47 | ||
| 100 |
_aონიანი, ა. _97814 |
||
| 245 |
_aქართველურ ენათა შედარებითი გრამატიკის საკითხები : _bსახელთა მორფოლოგია / _cა. ონიანი ; რედ. ნ. სუხიტაშვილი. |
||
| 264 |
_aთბილისი : _bგანათლება, _c1989. |
||
| 300 |
_a317 გვ. ; _c22 სმ. |
||
| 541 | _h2 ლ. | ||
| 653 | _aსახელთა მორფოლოგია | ||
| 653 | _aქართველურ ენათა შედარებითი გრამატიკის საკითხები | ||
| 653 | _aქართული ენა | ||
| 700 |
_aსუხიტაშვილი, ნ. _eრედაქტორი _913289 |
||
| 942 |
_cBK _2udc |
||